| 000 | 01332nac a22003497a 4500 | ||
|---|---|---|---|
| 001 | BR8001248 | ||
| 003 | BR-BrBNA | ||
| 005 | 20240105114625.0 | ||
| 008 | 230509b bl.|||m| |||| 00| 0 por d | ||
| 040 |
_aBR-BrBNA _bpor _cBiblioteca Nacional de Agricultura |
||
| 072 | _aE70 | ||
| 090 | _a8100 BR8001248 | ||
| 110 | 1 |
_aPrograma de Pesquisa e Desenvolvimento Pesqueiro do Brasil, Brasilia, DF _97975 |
|
| 245 | 1 | _aBoletim do mercado pesqueiro; dados estatisticos e informacoes gerais [Exportacao; Mercado atacadista; Preco; Peixe; Crustaceo; Molusco; Importacao; Brasil] | |
| 246 | 1 | _a[Report of fishery market; Statistical data and general information [Export; Wholesale Market; Price; Fish; Crustacean; Mollusc; Import; Brazil]] | |
| 260 | 3 |
_aBrasilia, DF (Brasil): _c1980. |
|
| 300 | _a37 p. | ||
| 490 |
_aBoletim do Mercado Pesqueiro - Programa de Pesquisa e Desenvolvimento Pesqueiro do Brasil (Brazil) _vv. 12(3) _x |
||
| 500 | _aNumerical data | ||
| 650 | _aComercializacao | ||
| 650 | _aPeixe de agua doce | ||
| 650 | _aPeixe marinho | ||
| 650 | _aMolusco | ||
| 650 | _aCrustaceo | ||
| 650 | _aExportacao | ||
| 650 | _aImportacao | ||
| 650 | _aPreco | ||
| 650 | _aMercado atacadista | ||
| 650 | _aEstatistica comercial | ||
| 909 |
_a202312 _bLúcia Elande _c55 _dLúcia Elande |
||
| 942 |
_2AGRIS _n0 _cMS |
||
| 999 |
_c270402 _d270402 |
||